000 00614nam a2200205Ia 4500
003 GCL
008 140319s9999 xx 000 0 ara d
040 _aGCL /
_cGCL
082 0 4 _a398.22
_bب ع
100 1 _aصقر خفاجة (مراجع)
245 1 0 _aعصر الاساطير /
_cصقر خفاجة (مراجع)
700 1 _aرشدى السيسى (مترجم)
700 1 _aبلفنش
300 _a488 ص
490 _aالالف كتاب
_v0
650 0 4 _aالاساطير القديمة
650 0 4 _aالاساطير اليونانية
650 0 4 _aالاساطير - تاريخ
942 _2ddc
_cBK
999 _c46157
_d46157